[Event "IND-ch U15 Girls"]
[Site "Thrissur"]
[Date "2014.08.11"]
[Round "10"]
[White "Tarini, Goyal"]
[Black "Jasper, Jothi P"]
[Result "1/2-1/2"]
[WhiteElo "1933"]
[BlackElo "1562"]
[PlyCount "71"]
[EventDate "2014.08.04"]
[EventType "swiss"]
[EventRounds "11"]
[EventCountry "IND"]
[SourceTitle "CBM 162 Extra"]
[Source "ChessBase"]
[SourceDate "2014.10.17"]
[SourceVersion "1"]
[SourceVersionDate "2014.10.17"]
[SourceQuality "1"]

1. d4 d5 2. c4 e6 3. Nc3 Nf6 4. cxd5 exd5 5. Bg5 Be7 6. e3 0-0 7. Bd3 b6 8. Nf3 Bb7 9. 0-0 Nbd7 10. Rc1 Re8 11. Qc2 a6 12. Ne2 c5 13. Qd1 Ne4 14. Bxe7 Qxe7 15. b3 Rac8 16. dxc5 bxc5 17. Ng3 Ndf6 18. Re1 Rc7 19. Qe2 Rc6 20. Rc2 Rec8 21. Rec1 g6 22. Qd1 Nxg3 23. hxg3 Ne4 24. Bxe4 Qxe4 25. Rc3 R6c7 26. Qc2 Qxc2 27. R3xc2 Kf8 28. Kf1 Ke7 29. Ke2 Kd6 30. Kd2 a5 31. Ne1 Ba6 32. Nd3 Bxd3 33. Kxd3 Rb8 34. Rc3 Rb4 35. a3 Rb5 36. Kc2 1/2-1/2

[Event "IND-ch U13 Girls"]
[Site "Puducherry"]
[Date "2013.07.06"]
[Round "9"]
[White "Jasper, Jothi P"]
[Black "Mukherjee, Arpita"]
[Result "0-1"]
[WhiteElo "1371"]
[BlackElo "1758"]
[PlyCount "56"]
[EventDate "2013.06.30"]
[EventType "swiss"]
[EventRounds "11"]
[EventCountry "IND"]
[SourceTitle "EXT 2014"]
[Source "ChessBase"]
[SourceDate "2013.11.20"]
[SourceVersion "1"]
[SourceVersionDate "2013.11.20"]
[SourceQuality "1"]

1. d4 d5 2. Nf3 Nf6 3. e3 Bg4 4. h3 Bh5 5. c4 c6 6. Nc3 e6 7. cxd5 exd5 8. Qb3 Qc7 9. Be2 Bd6 10. 0-0 0-0 11. Qd1 Nbd7 12. b3 Ne4 13. Bb2 f5 14. Rc1 Nxc3 15. Bxc3 Rae8 16. Bd3 f4 17. Bd2 Bxf3 18. gxf3 fxe3 19. fxe3 Ba3 20. Rc2 Qg3+ 21. Kh1 Qxh3+ 22. Kg1 Qg3+ 23. Kh1 Re6 24. e4 Qh3+ 25. Kg1 Rg6+ 26. Kf2 Rg2+ 27. Ke3 Qg3 28. b4 Qf4# 0-1